书目信息 |
| 题名: |
福克纳传
|
|
| 作者: | 李文俊 著 | |
| 分册: | ||
| 出版信息: | 北京 新世界出版社 2003 |
|
| 页数: | 218页 | |
| 开本: | 23cm | |
| 丛书名: | 二十世纪外国经典作家传记 | |
| 单 册: | ||
| 中图分类: | K837.125.6=533 | |
| 科图分类: | ||
| 主题词: | ||
| 电子资源: | ||
| ISBN: | 7-80187-097-2 | |
| 000 | 00932oam2 2200265 450 | |
| 001 | 002635688 | |
| 005 | 20061118112546.75 | |
| 010 | @a7-80187-097-2@dCNY28.00 | |
| 100 | @a20040430d2003 em y0chiy0110 ea | |
| 101 | 0 | @achi |
| 102 | @aCN@b110000 | |
| 105 | @aa z 000yb | |
| 200 | 1 | @a福克纳传@9fu ke na zhuan@f李文俊著 |
| 210 | @a北京@c新世界出版社@d2003 | |
| 215 | @a218页@c照片,图@d23cm | |
| 225 | 2 | @a二十世纪外国经典作家传记@e插图珍藏本 |
| 308 | @a丛书第一辑 | |
| 330 | @a本书包括:童年、少年与青年时期,小说创作上的学步阶段,早期小说,《喧哗与骚动》,《我弥留之际》与《圣殿》,《八月之光》等20个篇章。 | |
| 461 | 0 | @12001 @a二十世纪外国经典作家传记 |
| 600 | 0 | @a福克纳@c(Faulkner, William@f1897~1962)@x传记 |
| 600 | 0 | @a福克纳@c(Faulkner, William@f1897~1962) |
| 690 | @aK837.125.6=533@v4 | |
| 701 | 0 | @a李文俊@9li wen jun@f(1930~)@4著 |
| 801 | 0 | @aCN@bNLC@c20061118 |
| 905 | @a10447@dK837.125.6=533@e520LW | |
| 福克纳传/李文俊著.-北京:新世界出版社,2003 |
| 218页:照片,图;23cm.-(二十世纪外国经典作家传记:插图珍藏本) |
| ISBN 7-80187-097-2:CNY28.00 |
| 本书包括:童年、少年与青年时期,小说创作上的学步阶段,早期小说,《喧哗与骚动》,《我弥留之际》与《圣殿》,《八月之光》等20个篇章。 |
| ● |
| 相关链接 |
|
|
|
|
正题名:福克纳传
索取号:K837.125.6=533/520LW
 
预约/预借
| 序号 | 登录号 | 条形码 | 馆藏地/架位号 | 状态 | 备注 |
| 1 | 0392231 | 203922318 | 第二样本阅览室/ [索取号:K837.125.6=533/520LW] | 在馆 | |
| 2 | 0392232 | 203922327 | 第二借阅区/ [索取号:K837.125.6=533/520LW] | 在馆 | |
| 3 | 0392233 | 203922336 | 第二借阅区/ [索取号:K837.125.6=533/520LW] | 在馆 | |
| 4 | 0392234 | 203922345 | 第二借阅区/ [索取号:K837.125.6=533/520LW] | 在馆 | |
| 5 | 0392235 | 203922354 | 第二借阅区/ [索取号:K837.125.6=533/520LW] | 在馆 |